00359pab a2200121 454500008003600000100002300036245006700059650001100126650002700137650001600164700002400180773003300204180718b xxu||||| |||| 00| 0 eng d aCigler, Beverly A. a"Bureaucracy" in the introductory american government textbook a U.S.A a Public Administration aBureaucracy aNeiswender, Heidi L aPublic Administration Review